| 000 | 01247nam a2200361 a 4500 | ||
|---|---|---|---|
| 001 | 000047549 | ||
| 003 | DO-SdBPM | ||
| 005 | 20260203075048.0 | ||
| 007 | ta | ||
| 008 | 180626s2016 dr 000 0 spa d | ||
| 020 | _a9789945582390 | ||
| 040 |
_aDO-SdBPM _bspa _cBPMSU _drda |
||
| 082 | 4 |
_aRD861.5 _bM991p 2016 _222 |
|
| 100 | 1 |
_aMustonen, Pablo Jorge _d1963- _eautor _4aut. |
|
| 245 | 1 | 0 |
_aPrimavera / _cPablo Jorge Mustonen ; prólogo José Alcántara Almánzar |
| 260 | _c2016. | ||
| 264 |
_aSanto Domingo, República Dominicana : _bBanco Central, _c2016. |
||
| 300 |
_a165 páginas ; _c24 cm. |
||
| 336 |
_atexto _btxt _2rdacontent |
||
| 337 |
_asin mediación _bn _2rdamedia |
||
| 338 |
_avolumen _bnc _2rdacarrier |
||
| 490 | 0 |
_aBanco Central de la República Dominicana, _aArte y literatura ; _v227/80 |
|
| 500 | _aIncluye datos biográficos del autor en la solapa de la cubierta | ||
| 504 | _a | ||
| 590 | _aInventariado, 2026/VM | ||
| 650 | 7 | _aPoesía dominicana | |
| 650 | 7 | _aLiteratura dominicana | |
| 650 | 7 |
_aPrimavera _vPoesías _y |
|
| 700 | 1 |
_aAlcántara Almánzar, José _eprólogo |
|
| 710 | 2 | _aBanco Central de la República Dominicana | |
| 910 | _aVMateo V. Control de calidad. BPMSU | ||
| 942 |
_2ddc _cBK |
||
| 999 |
_c15656 _d15656 |
||